| 000 | 00555nam a2200205Ia 4500 | ||
|---|---|---|---|
| 005 | 20230524110905.0 | ||
| 008 | 131103s9999 xx 000 0 und d | ||
| 020 |
_a004331046 X _c3.75 pds |
||
| 040 | _aLoreto College | ||
| 041 | _aEnglish | ||
| 082 |
_a331.4 _bWOM |
||
| 245 |
_aWomen intop jobs _b four studies in achievement |
||
| 260 |
_aLondon _bGeorge Allen & Unwin Ltd. _c1971 |
||
| 300 |
_a328 p. _b ill.,tables |
||
| 504 | _aIncludes index | ||
| 650 | _aEconomics | ||
| 651 | _aWomen - Economic Conditions | ||
| 850 | _aLCLIB | ||
| 942 | _cBK | ||
| 999 |
_c7491 _d57970 |
||